Development of Islam in West Africa. (Record no. 6309)

MARC details
000 -LEADER
fixed length control field 00594nam a2200241 a 4500
020 ## - INTERNATIONAL STANDARD BOOK NUMBER
ISBN 0582928
082 00 - DEWEY DECIMAL CLASSIFICATION NUMBER
Classification number 297.0966
Author Cutter HIS
100 ## - MAIN ENTRY--AUTHOR NAME
Author name Hiskett, Mervyn
245 ## - TITLE STATEMENT
Title Development of Islam in West Africa.
260 ## - PUBLICATION, DISTRIBUTION, ETC. (IMPRINT)
Place of publication New York
Name of publisher Longman
Year of publication 1984
300 ## - PHYSICAL DESCRIPTION
Number of Pages 353p
500 ## - GENERAL NOTE
General note includes index and biblioraphy
505 2# - FORMATTED CONTENTS NOTE
Formatted contents note Index
650 ## - SUBJECT ADDED ENTRY--TOPICAL TERM
Topical Term Islam-West Africa
942 ## - ADDED ENTRY ELEMENTS (KOHA)
Koha item type Books
700 1# -
-- Hiskett, Mervyn
Holdings
Collection code Home library Current library Date acquired Cost, normal purchase price Full call number Accession Number Koha item type
  Henry Martyn Institute Library Henry Martyn Institute Library 07/26/2007 161.60 297.0966 HIS 012045 Books
                   Copyright © 2026 | Henry Martyn Institute | Hyderabad | TS-500052 | INDIA | Implemented by hmi.edu.in
Hit-Count:

Powered by Koha